|
|
|
|
| LEADER |
01372cam a2200301 7i4500 |
| 001 |
0000027259 |
| 005 |
20111207090000.0 |
| 022 |
0 |
0 |
|a 19851618
|
| 090 |
0 |
0 |
|a M 910.259595
|b YEL
|
| 110 |
2 |
0 |
|a A TM Company
|
| 245 |
2 |
0 |
|a Yellow pages :
|b Perak, Penang, Kedah & Perlis 2012.
|
| 260 |
0 |
0 |
|a Seri Kembangan:
|b TM Info-Media,
|c 2011.
|
| 300 |
# |
# |
|a 456 p.
|
| 650 |
0 |
0 |
|a Business --
|x Directories --
|z Kedah, Malaysia
|
| 650 |
0 |
0 |
|a Business --
|x Directories --
|z Perlis, Malaysia
|
| 650 |
0 |
0 |
|a Business --
|x Directories --
|z Perak, Malaysia
|
| 650 |
0 |
0 |
|a Perak, Malaysia --
|x Telephone directories --
|x Yellow pages
|
| 650 |
0 |
0 |
|a Penang, Malaysia --
|x Telephone directories --
|x Yellow pages
|
| 650 |
0 |
0 |
|a Kedah, Malaysia --
|x Telephone directories --
|x Yellow pages
|
| 650 |
0 |
0 |
|a Perlis, Malaysia --
|x Telephone directories --
|x Yellow pages
|
| 650 |
0 |
0 |
|a Business --
|x Directories --
|z Penang, Malaysia
|
| 651 |
0 |
0 |
|a Malaysia
|
| 999 |
|
|
|a JHR000295H
|b Directories
|c Malaysia
|e MATRADE Southern Regional Office
|
| 999 |
|
|
|a 0000029925
|b Directories
|c Malaysia
|e Business Information Centre
|
| 999 |
|
|
|a 0000029926
|b Directories
|c Malaysia
|e Business Information Centre
|
| 999 |
|
|
|a PNG001004H
|b Directories
|c Malaysia
|e MATRADE Northern Regional Office
|
| 999 |
|
|
|a SBH000972H
|b Directories
|c Malaysia
|e MATRADE Sabah
|
| 999 |
|
|
|a SRW000399H
|b Directories
|c Malaysia
|e MATRADE Sarawak
|